100 Biggest Cities of Luxembourg on a Map - Statistics

General Stats
  • This quiz has been taken 410 times
  • The average score is 17 of 100
Answers on the Map
Answers color-coded by a green-red scale on the quiz's map according to % correct below.
 
Answer Stats
Population City % Correct
134,697 Luxembourg [Lëtzebuerg]
98%
37,455 Esch-sur-Alzette [Esch-Uelzecht]
69%
3,188 Esch-sur-Sûre [Esch-Sauer] (Neunhausen/Heiderscheid)
69%
22,043 Dudelange [Diddeleng]
51%
30,364 Differdange [Déifferdeng]
45%
7,244 Diekirch [Dikrech]
44%
5,163 Schengen (Burmerange/Wellenstein)
41%
6,121 Clervaux [Klierf/Cliärref] (Munshausen/Heinerscheid)
38%
2,212 Vianden [Veianen/Veinen]
38%
5,869 Echternach [Iechternach]
34%
9,965 Ettelbruck [Ettelbréck]
33%
10,519 Mersch [Miersch]
33%
8,102 Wiltz [Wolz] (Eschweiler)
33%
20,903 Pétange [Péiteng]
32%
4,101 Remich [Réimech]
32%
11,521 Bettembourg [Beetebuerg]
31%
5,193 Grevenmacher [Gréiwemaacher]
31%
16,836 Hesperange (Hesper)
26%
11,055 Mamer
26%
3,077 Redange-sur-Attert [Réiden]
25%
5,432 Mondorf-les-Bains [Munneref]
23%
11,517 Schifflange [Schëffleng]
22%
10,594 Strassen [Stroossen]
22%
3,580 Troisvierges [Ëlwen]
22%
2,505 Weiler-la-Tour [Weiler zum Tuerm]
22%
11,159 Käerjeng (Bascharage/Clemency)
21%
9,889 Kayl [Keel/Käl]
20%
5,775 Rumelange [Rëmeleng]
20%
8,866 Walferdange [Walfer]
19%
18,532 Sanem [Suessem]
18%
8,800 Junglinster [Jonglënster]
17%
2,456 Weiswampach [Wäisswampech]
17%
8,892 Bertrange [Bartreng]
16%
3,797 Sandweiler
16%
5,677 Steinsel [Steesel]
16%
3,044 Beaufort [Beefort]
15%
2,429 Colmar-Berg [Kolmer-Bierg]
15%
2,780 Leudelange [Leideleng]
15%
4,658 Lorentzweiler [Luerenzweiler]
15%
7,274 Mondercange [Monnerech]
15%
6,837 Niederanven [Nidderaanwen]
15%
6,000 Steinfort [Stengefort]
15%
2,494 Erpeldange-sur-Sûre [Ierpeldeng op der Sauer]
14%
4,968 Frisange [Fréiseng]
14%
6,859 Kehlen [Kielen]
14%
5,346 Mertert [Mäertert]
14%
2,244 Berdorf [Bäerdref]
13%
3,492 Bissen [Biissen]
13%
4,513 Contern [Konter]
13%
4,593 Dippach [Dippech]
13%
2,230 Larochette [Fiels]
13%
2,156 Schieren
13%
3,200 Wormeldange [Wuermeldeng/Wormer]
13%
3,487 Lintgen [Lëntgen]
12%
3,094 Bettendorf [Bettenduerf]
10%
2,127 Consdorf [Konsdref]
10%
4,501 Kopstal [Koplescht]
10%
2,422 Mertzig [Mäerzeg]
10%
4,141 Parc Hosingen [Parc Housen] (Consthum/Hoscheid)
10%
2,799 Reckange-sur-Mess [Recken/Reckeng op der Mess]
10%
6,919 Roeser [Réiser]
10%
2,292 Tandel
10%
4,916 Wincrange [Wëntger]
10%
1,724 Bourscheid [Buerschent]
9%
1,598 Ell
9%
5,144 Habscht (Hobscheid/Septfontaines)
9%
1,430 Reisdorf [Reisduerf]
9%
4,436 Schuttrange [Schëtter]
9%
2,199 Flaxweiler [Fluessweller]
8%
2,308 Garnich [Garnech]
8%
1,484 Nommern [Noumer]
8%
1,992 Stadtbredimus [Stadbriedemes]
8%
1,337 Bech
7%
2,874 Beckerich [Biekerech]
7%
1,521 Boulaide [Bauschelt]
7%
2,389 Dalheim [Duelem]
7%
2,439 Feulen [Feelen]
7%
1,300 Fischbach [Fëschbech]
7%
1,548 Heffingen [Hiefenech]
7%
2,733 Koerich [Käerch]
7%
2,296 Manternach
7%
4,934 Rambrouch [Rammerech]
7%
980 Saeul [Sëll]
7%
2,143 Useldange [Useldeng]
7%
2,796 Vallée de l'Ernz [Ärenzdallgemeng] (Medernach/Ermsdorf)
7%
1,948 Waldbillig [Waldbëlleg]
7%
4,109 Betzdorf [Betzder]
6%
5,115 Helperknapp (Boevange-sur-Attert/Tuntange)
6%
1,422 Vichten [Viichten]
6%
1,904 Biwer
5%
3,714 Rosport-Mompach [Rouspert-Mompech]
5%
1,663 Goesdorf [Géisdref]
4%
2,149 Lenningen [Lenneng]
4%
1,825 Préizerdaul
4%
1,176 Putscheid [Pëtscht/Pëtschent]
4%
1,515 Winseler [Wanseler]
4%
1,260 Kiischpelt
3%
2,281 Lac de la Haute-Sûre
3%
2,285 Groussbus-Wal
1%
3,165 Bous-Waldbredimus [Bus-Waldbriedemes]
0%
No matching quizzes found
Score Distribution
Percent of People with Each Score
Percentile by Number Answered
Your Score History
You have not taken this quiz